000
00356nam a2200169Ia 4500
100
_a
Donovan/John J
650
_a
Computers
250
_a
4
942
_c
BK
366
_f
20
654
_a
digital
245
_a
Systems Programming
260
_b
MC Graw-Hill Pub
_a
New Delhi
_c
2001
082
_a
621.382/DON
_b
DON
300
_a
488
546
_a
ENGLISH
999
_c
21607
_d
21607